000 00296nam a22001217a 4500
005 20251108175831.0
008 250721s1982 xx 000 0 eng d
100 1 _aStevenson, William
245 1 0 _aELEMENTS OF POWER SYSTEM ANALYSIS /
264 _c1982.
942 _2ddc
_cBK
999 _c143537
_d143537